Statistiques concernant Pays bordés par plusieurs océans

Cliquez ici pour prendre le quiz!

Statistiques générales

  • Ce quiz a été pris 336 fois
    (318 depuis la dernière actualisation)
  • Le résultat moyen est 16 sur 20

Statistiques - réponses

OcéansPays% Correct
Arctique, Atlantique et PacifiqueCanada
98%
Arctique, Atlantique et PacifiqueÉtats-Unis
96%
Indien et PacifiqueAustralie
93%
Atlantique et IndienAfrique du Sud
92%
Atlantique et PacifiqueMexique
92%
Atlantique et PacifiquePanama
88%
Arctique et PacifiqueRussie
88%
Indien et PacifiqueIndonésie
81%
Atlantique et PacifiqueCosta Rica
79%
Atlantique, Indien et PacifiqueFrance
79%
Arctique et AtlantiqueIslande
76%
Atlantique et PacifiqueHonduras
75%
Atlantique et PacifiqueNicaragua
75%
Arctique et AtlantiqueNorvège
75%
Atlantique et PacifiqueGuatemala
74%
Atlantique, Indien et PacifiqueRoyaume-Uni
74%
Arctique et AtlantiqueDanemark
73%
Atlantique et PacifiqueColombie
66%
Indien et PacifiqueMalaisie
61%
Indien et PacifiqueThaïlande
46%

Distribution des résultats

Percentile par nombre de réponses

% des personnes avec chaque résultat

Votre développement - résultats

Vous n’avez pas pris ce quiz depuis la dernière actualisation